000 00424nam a22001817a 4500
003 MPLRDC
005 20220104124728.0
008 210129b ||||| |||| 00| 0 eng d
082 _a719 LJS
100 _a刘济生主编
245 _a世界风光
_c
250 _a再版
260 _a
_b大林出版社
_c1978
300 _b
490 _a大林读者丛书. 10
650 _a世界游记
942 _cBK
_o719 LJS
999 _c21684
_d21674